Statistiques concernant Sites touristiques français les plus visités

Cliquez ici pour prendre le quiz!

Statistiques générales

  • Ce quiz a été pris 2,783 fois
    (2,767 depuis la dernière actualisation)
  • Le résultat moyen est 7 sur 20

Statistiques - réponses

Visiteurs/an Sites touristiques français % Correct
7,8 millionsLa Tour Eiffel
85%
9,7 millionsLe Musée du Louvre
83%
1,3 millionsL'Abbaye du Mont Saint-Michel
68%
1,6 millionsL'Arc de Triomphe
61%
13 millionsLa cathédrale Notre-Dame de Paris
60%
7,3 millionsLe Château de Versailles
55%
15,9 millionsLe Parc Disneyland-Paris
47%
3,6 millionsLe Musée d'Orsay
35%
1,7 millionsLe Parc Asterix
30%
1,7 millionsLe Parc du Futuroscope
29%
3,8 millionsLe Centre Pompidou
21%
1,6 millionsLe Parc du Puy-du-Fou
16%
900 000Le Château de Chenonceau
15%
1,4 millionsLe Musée de l'Armée aux Invalides
12%
1,5 millionsLes Galeries Nationale du Grand Palais
10%
1,31 millionsLe Musée du Quai Branly
10%
1,71 millionsLa Cité des Sciences et de l'Industrie
6%
924 000La Sainte Chapelle
4%
1,4 millionsLe Cimetière américain d'Omaha
3%
1,27 millionsLe Château des Ducs de Bretagne
2%

Distribution des résultats

Percentile by Number Answered

% des personnes avec chaque résultat

Votre développement - résultats

Vous n’avez pas pris ce quiz depuis la dernière actualisation